01943nam a2200361 a 450000100060000000300080000600500170001400800410003102000290007202000290010102000290013002000290015902000290018803500190021704000310023604100080026708200260027524500710030126000640037230000450043650000490048150400530053050501660058365000260074970000240077594200120079999900170081195201500082895201500097895201500112895201500127895201530142823974BD-RjUL20211209001007.0170204s1992 enka b 001 0 eng d a0521428815 (pbk. : v. 1) a0521428823 (pbk. : v. 2) a0521428882 (pbk. : v. 8) a0521428831 (pbk. : v. 3) a0521428858 (pbk. : v. 5) a(BD-RjUL)24039 aLCbengcLCdXNTUdBD-RjUL aeng04a700.941223bCAM 199204aThe Cambridge cultural history of Britain /cedited by Boris Ford. aCambridge ;aNew York :bCambridge University Press,c1992. axi, 289 p. :bill. (some col.) ;c25 cm. aCover title: The Cambridge cultural history. aIncludes bibliographical references and indexes.0 av. 1. Early Britain -- v. 2. Medieval Britain -- v. 3. Sixteenth-century Britain -- v. 5. Eighteenth-century Britain -- v. 8. Early twentieth-century Britain --  0aArts, British.9737561 aFord, Boris.955331 2ddccBK c23974d23974 00102ddc40718NFICaRUCLbRUCLcReadingd1995-05-22eBritish council, Dhakal0o700.941 CAM V-1 1992r2014-03-12 00:00:00tC-1w2021-12-09yBK 00102ddc40718NFICaRUCLbRUCLcReadingd1995-05-22eBritish council, Dhakal0o700.941 CAM V-5 1992r2017-02-04 00:00:00tC-1w2017-02-04yBK 00102ddc40718NFICaRUCLbRUCLcReadingd1995-05-18eBritish council, Dhakal0o700.941 CAM V-3 1992r2017-02-04 00:00:00tC-1w2017-02-04yBK 00102ddc40718NFICaRUCLbRUCLcReadingd1995-05-22eBritish council, Dhakal0o700.941 CAM V-8 1992r2017-02-04 00:00:00tC-1w2017-02-04yBK 00102ddc40718NFICaRUCLbRUCLcReadingd1995-05-20eBritish council, Rajshahil0o700.941 CAM V-2 1992r2017-02-14 00:00:00tC-1w2021-12-09yBK